000 00620nam a22002417a 4500
003 UA-OsUOA
001 31650
007 ta
008 20050110b un ||||| |||| 00| 0 ukr d
100 _aКосев Д.
090 _a94(497.2)
_bК71
942 _cBK
040 _aUA-OsUOA
_brus
_cUA-OsUOA
_dUA-OsUOA
245 _aНовая история Болгарии
_bКурс лекций
300 _a522 с.
955 _a0
041 _arus
080 _a94(497.2)
260 _aМосква
_bИзд-во Иностранной литературы
_c1952
044 _aRU
650 7 _2UDC
999 _c318079
_d318079